000 00675nmm a2200265 a 4500
003 AR-BaBNM
005 20251128203537.0
008 187119s1968 ||||||||||||||000 | spa||
040 _cAR-BaBNM
100 1 _aOría, José A.
245 1 0 _aHomenaje a don Ramón Menéndez Pidal
260 _aBuenos Aires
_bAcademia Argentina de Letras
_c1968
300 _ap. 209-215
650 4 _aLITERATURA ESPANOLA
650 4 _aCRITICA LITERARIA
650 4 _aLITERATURA POPULAR
650 4 _aFILOLOGIA
650 4 _aTRADICION ORAL
650 4 _aLITERATURA FOLKLORICA
653 _aEPICA
653 _aROMANCES
655 _aLITERATURA
942 _cBK
998 _cMARTIN
999 _c3877
_d3877